| 000 | 00311nam a22001217a 4500 | ||
|---|---|---|---|
| 082 |
_a500 _bGUP/T |
||
| 100 | _aAS VERMA, DIVYA | ||
| 245 |
_aTOGETHER WITH SCIENCE MULTIPLE CHOICE QUESTIONS _bCLASS X |
||
| 260 |
_aDELHI _bRACHNA SAGAR _c2008 |
||
| 300 | _a156 | ||
| 650 |
_aMCQ SCIENCE FOR CLASS X _zINDIA |
||
| 942 | _cBK | ||
| 999 |
_c792 _d792 |
||